Acts : (Record no. 9674)

MARC details
000 -LEADER
fixed length control field 00939cam a2200277 a 4500
001 - CONTROL NUMBER
control field 4926793
003 - CONTROL NUMBER IDENTIFIER
control field GBCCL
005 - DATE AND TIME OF LATEST TRANSACTION
control field 20241126110716.0
008 - FIXED-LENGTH DATA ELEMENTS--GENERAL INFORMATION
fixed length control field 950912s1996 ilu b 001 0 eng
010 ## -
-- 95041952
020 ## - INTERNATIONAL STANDARD BOOK NUMBER
International Standard Book Number 9780891078739
020 ## - INTERNATIONAL STANDARD BOOK NUMBER
International Standard Book Number 0891078738 (alk. paper)
040 ## - CATALOGING SOURCE
Original cataloging agency DLC
Transcribing agency DLC
Modifying agency DLC
050 00 -
-- BS2625.5
-- .H84 1996
082 00 - DEWEY DECIMAL CLASSIFICATION NUMBER
Classification number 220.7
-- 226.6/07
Edition information 20
Item number PRE
100 1# - MAIN ENTRY--PERSONAL NAME
Personal name Hughes, R. Kent,
Dates associated with a name 1942-
9 (RLIN) 917
245 10 - TITLE STATEMENT
Title Acts :
Remainder of title the church afire /
Statement of responsibility, etc. R. Kent Hughes.
260 ## - PUBLICATION, DISTRIBUTION, ETC.
Place of publication, distribution, etc. Wheaton, Ill. :
Name of publisher, distributor, etc. Crossway Books,
Date of publication, distribution, etc. c1996.
300 ## - PHYSICAL DESCRIPTION
Extent 380 p. ;
Dimensions 24 cm.
440 #0 - SERIES STATEMENT/ADDED ENTRY--TITLE
Title Preaching the Word
9 (RLIN) 16818
504 ## - BIBLIOGRAPHY, ETC. NOTE
Bibliography, etc. note Includes bibliographical references (p. [353]-359) and indexes.
630 00 - SUBJECT ADDED ENTRY--UNIFORM TITLE
Uniform title Bible.
Name of part/section of a work Acts
General subdivision Homiletical use.
9 (RLIN) 16819
906 ## - LOCAL DATA ELEMENT F, LDF (RLIN)
a 7
b cbc
c orignew
d 1
e ocip
f 19
g y-gencatlg
942 ## - ADDED ENTRY ELEMENTS (KOHA)
Source of classification or shelving scheme Dewey Decimal Classification
Koha item type Reference Books
Holdings
Withdrawn status Lost status Source of classification or shelving scheme Damaged status Not for loan Home library Current Library Shelving location Date acquired Total checkouts Full call number Barcode Date last seen Copy number Price effective from Koha item type
    Dewey Decimal Classification     GRACE BIBLE COLLEGE GRACE BIBLE COLLEGE Commentary 2023-04-19   220.7 PRE 016234 2025-05-01 v.23 2023-04-19 Reference Books
© Grace Bible College Library 2025